书目信息 |
| 题名: |
园艺产品保鲜与包装
|
|
| 作者: | 郭衍银 , 王相友 主编 ;李宝光 , 徐恒戬 , 包明春 编 | |
| 分册: | ||
| 出版信息: | 北京 中国环境科学出版社 2004 |
|
| 页数: | 271页 | |
| 开本: | 26cm | |
| 丛书名: | ||
| 单 册: | ||
| 中图分类: | TS255.3 | |
| 科图分类: | ||
| 主题词: | 园艺作物 , 食品保鲜 , 食品包装 , 园艺作物--食品保鲜 , 园艺作物--食品包装 | |
| 电子资源: | ||
| ISBN: | 7-80209-018-0 | |
| 000 | 00995nam0 2200313 450 | |
| 001 | 010700002266 | |
| 005 | 20061203155738.01 | |
| 010 | @a7-80209-018-0@dCNY30.00 | |
| 100 | @a20060119d2004 em y0chiy0110 ea | |
| 101 | 0 | @achi |
| 102 | @aCN@b110000 | |
| 105 | @aak z 000yy | |
| 200 | 1 | @a园艺产品保鲜与包装@9yuan yi chan pin bao xian yu bao zhuang@f郭衍银,王相友主编@g李宝光,徐恒戬,包明春编 |
| 210 | @a北京@c中国环境科学出版社@d2004 | |
| 215 | @a271页@c图@d26cm | |
| 330 | @a本书内容包括:园艺产品保鲜与包装基础;园艺产品保鲜与包装各论两大部分。 | |
| 606 | 0 | @a园艺作物 |
| 606 | 0 | @a食品保鲜 |
| 606 | 0 | @a食品包装 |
| 606 | 0 | @a园艺作物@x食品保鲜 |
| 606 | 0 | @a园艺作物@x食品包装 |
| 690 | @aTS255.3@v4 | |
| 701 | 0 | @a郭衍银@9guo yan yin@4主编 |
| 701 | 0 | @a王相友@9wang xiang you@4主编 |
| 702 | 0 | @a李宝光@9li bao guang@4编 |
| 702 | 0 | @a徐恒戬@9xu heng jian@4编 |
| 702 | 0 | @a包明春@9bao ming chun@4编 |
| 801 | 0 | @aCN@bRENTIAN@c20061203 |
| 905 | @a10447@dTS255.3@e48 | |
| 园艺产品保鲜与包装/郭衍银,王相友主编/李宝光,徐恒戬,包明春编.-北京:中国环境科学出版社,2004 |
| 271页:图;26cm |
| ISBN 7-80209-018-0:CNY30.00 |
| 本书内容包括:园艺产品保鲜与包装基础;园艺产品保鲜与包装各论两大部分。 |
| ● |
| 相关链接 |
|
|
|
|
正题名:园艺产品保鲜与包装
索取号:TS255.3/48
 
预约/预借
| 序号 | 登录号 | 条形码 | 馆藏地/架位号 | 状态 | 备注 |
| 1 | 0392631 | 203926314 | 第二样本阅览室/ [索取号:TS255.3/48] | 在馆 | |
| 2 | 0392632 | 203926323 | 第三借阅区/ [索取号:TS255.3/48] | 在馆 | |
| 3 | 0392633 | 203926332 | 第三借阅区/ [索取号:TS255.3/48] | 在馆 | |
| 4 | 0392634 | 203926341 | 第三借阅区/ [索取号:TS255.3/48] | 在馆 | |
| 5 | 0392635 | 203926350 | 第三借阅区/ [索取号:TS255.3/48] | 在馆 | |
| 6 | 0605854 | 206058549 | 第三借阅区/ [索取号:TS255.3/48] | 在馆 | |
| 7 | 0605855 | 206058558 | 第三借阅区/ [索取号:TS255.3/48] | 在馆 | |
| 8 | 0605856 | 206058567 | 第三借阅区/ [索取号:TS255.3/48] | 在馆 |